000 00881nam0a22002771 4500
001 rc\3519860
005 20130115143155.4
021 _aRU
_b[70-11359]
035 _a(NLR Aleph) 007622832
090 _a5938792
_c5938792
100 _a20130115d1970 |||y0rusy50 ca
101 0 _arus
102 _aRU
105 _aa z |||a|
200 1 _aГорсть
_e[Стихи
_fИл.: М. Бишофс
210 _aМосква]
_cМол. гвардия
_d1970
215 _a86 с.
_cил.
_d16
327 0 _aЦиклы: Что видит солнце; Белый голубь
464 0 _12001#$aЧто видит солнце$aБелый голубь
700 1 _aБурсов
_bИ. Т.
_f1927-
_gИван Терентьевич
702 1 _aБишофс
_bМ.
_4440
801 0 _aRU
_bNLR
_gpsbo
801 1 _aRU
_bELAR
_2rusmarc
852 _aNLR
_j69-2/4169
942 _cBOOK
980 _aNB